Państwa świata pod względem powierzchni - Statystyki

Ogólne statystyki
  • Ten quiz został rozwiązany 18 razy
  • Średni wynik to 9 z 10
Statystyki odpowiedzi
Hint Odpowiedź % Poprawnych
9 597 000 km2 Chiny
100%
9 985 000 km2 Kanada
100%
17 100 100 km2 Rosja
100%
9 834 000 km2 Usa
100%
8 510 000 km2 Brazylia
94%
2 780 000 km2 Argentyna
88%
7 688 000 km2 Australia
88%
3 287 000 km2 Indie
88%
2 725 000 km2 Kazachstan
76%
2 382 000 km2 Algieria
71%
Nie znaleziono quizów pasujących do podanych kryteriów
Rozkład punktacji
Procent ludzi z każdym wynikiem
Percentyl według liczby udzielonych odpowiedzi
Twoja historia wyników
Nie rozwiązałeś tego quizu